Flags of Australian States and Territories - Sudden Death - Statistics

General Stats
  • This quiz has been taken 38 times
  • The average score is 6 of 8
Answers on the Grid
Answers color-coded by a green-red scale on the quiz's grid according to % correct below.
Flaga
Flaga
Flaga
Flaga
Flaga
Flaga
Flag of Australian Capital Territory
Flaga
 
Answer Stats
Answer % Correct
Queensland
84%
New South Wales
76%
Australian Capital Territory Flag of Australian Capital Territory
72%
Tasmania
72%
Western Australia
72%
Northern Territory
68%
South Australia
68%
Victoria
64%
No matching quizzes found
Score Distribution
Percent of People with Each Score
Percentile by Number Answered
Your Score History
You have not taken this quiz